|
|
|
|
| LEADER |
01675nam a2200481 a 4500 |
| 001 |
nkc20061684526 |
| 003 |
CZ PrNK |
| 005 |
20061101100516.0 |
| 007 |
ta |
| 008 |
060804s2006 xr a f fl 000 0 cze |
| 015 |
|
|
|a cnb001684526
|
| 020 |
|
|
|a 80-7201-613-X
|q (brož.)
|
| 035 |
|
|
|a (OCoLC)85553259
|
| 040 |
|
|
|a BOA001
|b cze
|
| 043 |
|
|
|a e-xr---
|
| 072 |
|
7 |
|a 343
|x Trestní právo
|2 Konspekt
|9 16
|
| 080 |
|
|
|a 343.346
|2 MRF
|
| 080 |
|
|
|a 656.1.08
|2 MRF
|
| 080 |
|
|
|a (437.3)
|2 MRF
|
| 080 |
|
|
|a (035)
|2 MRF
|
| 080 |
|
|
|a (094.5)
|2 MRF
|
| 100 |
1 |
|
|a Kučerová, Helena,
|d 1953-
|7 mzk2003195147
|4 aut
|
| 245 |
1 |
0 |
|a Dopravní přestupky v praxi :
|b podle stavu k 1.7.2006 /
|c Helena Kučerová
|
| 250 |
|
|
|a 2., přeprac. a dopl. vyd.
|
| 260 |
|
|
|a Praha :
|b Linde,
|c 2006
|
| 300 |
|
|
|a 431 s. :
|b il. ;
|c 21 cm
|
| 504 |
|
|
|a Obsahuje bibliografické odkazy
|
| 650 |
0 |
7 |
|a dopravní přestupky
|7 ph139159
|z Česko
|2 czenas
|
| 650 |
0 |
7 |
|a trestné činy v dopravě
|7 ph126730
|z Česko
|2 czenas
|
| 650 |
0 |
7 |
|a silniční dopravní nehody
|7 ph125532
|z Česko
|2 czenas
|
| 650 |
0 |
9 |
|a driving offences
|z Czechia
|2 eczenas
|
| 650 |
0 |
9 |
|a traffic violations
|z Czechia
|2 eczenas
|
| 650 |
0 |
9 |
|a road traffic accidents
|z Czechia
|2 eczenas
|
| 655 |
|
7 |
|a příručky
|7 fd133209
|2 czenas
|
| 655 |
|
7 |
|a právní předpisy
|7 fd133151
|2 czenas
|
| 655 |
|
9 |
|a handbooks and manuals
|2 eczenas
|
| 655 |
|
9 |
|a legal regulations
|2 eczenas
|
| 787 |
0 |
|
|a Česko.
|t Zákon o přestupcích (1990, novela 2006)
|
| 910 |
2 |
|
|a BOA001
|b 2-1173.432
|
| 990 |
|
|
|a BK
|
| 995 |
|
|
|a 01
|
| 991 |
|
|
|b 200608
|c NOV
|
| 996 |
6 |
|
|b 2610287015
|c 2-1173.432
|l MZK
|r Sklad / do 1 hodiny
|n 9
|p p.v.
|w 000823852
|u 000010
|a 1
|e BOA001
|j MZK50
|s P
|